Quizzes
Events
Quiz Creation
Community
Videos
Private Events
Remove Ads
Sign In
Join for FREE
Feedback
Dark Mode
Quiz Categories
Sports
Geography
Music
Movies
Television
Just For Fun
Miscellaneous
History
Literature
Language
Science
Gaming
Entertainment
Religion
Holiday
For Kids
Quiz Lab
Recent
Popular Today
Quiz Kudos Today
Editor Picks
Curator Picks
Quizzes by...
Day
Popularity
Type
Ratings
Length
Year
Community
Subscriptions
Recent Discussions
Orange Saloon
Badges
Playlists
Quests
Create
Leaderboards
Showdown
Live 5
Trivia Bingo
Activity
Puzzle Library
Sporcle Events
Private Events
Virtual Trivia
Globe League
Become a Host
Pub Owners
SporcleCon
Opinionation
Our Games
Videos
Blog
Mobile Apps
Partnerships
Remove Ads and Go Orange
Feedback
Sports
Athletes
MLB
NBA
NHL
NFL
Soccer
Sports Teams
WWE
NCAA
Football
Premier League
Basketball
Baseball
Hockey
Golf
Tennis
Cricket
Rugby
Auto Racing
Olympics
World Cup
Sports
Athletes
MLB
NBA
NHL
NFL
Soccer
Sports Teams
WWE
NCAA
Football
Premier League
Basketball
Baseball
Hockey
Golf
Tennis
Cricket
Rugby
Auto Racing
Olympics
World Cup
Random Quiz
Search Sporcle
×
Quiz Lab
Quiz Lab
Sports
Soccer
Type in answers that appear in a list
Type in answers that appear in a list
Classic
Best Score? Go Orange.
Capped England Players Since 2010 Stats
Can you name the Capped England Players Since 2010
By
Burners
10m
75 Questions
194 Plays
194 Plays
194 Plays
Comments
Comments
Give Quiz Kudos
Give Quiz Kudos
-
- Ratings
hide this ad
More Info
Replay
Link that replays current quiz
Next Quiz
Link to next quiz in quiz playlist
You Got
0%
They Got
Avg Score
61%
Avg Friend Score
Upgrade to see
Score Distribution
Jump to the score distribution portion of the page
Score
0/75
Timer
10:00
0
Plays Today
Caps
Answer
% Correct
88
Wayne Rooney
94.8%
108
Steven Gerrard
91.8%
106
Ashley Cole
91.2%
103
Frank Lampard
91.2%
38
Joe Hart
91.2%
56
Joe Cole
90.7%
7
Carlton Cole
90.7%
78
John Terry
90.2%
81
Rio Ferdinand
85.1%
55
Jermain Defoe
82%
49
Glen Johnson
82%
12
Adam Johnson
82%
42
Peter Crouch
79.9%
12
Robert Green
77.8%
9
Phil Jones
77.8%
44
James Milner
77.3%
36
Theo Walcott
76.8%
22
Leighton Baines
76.8%
53
Gareth Barry
75.3%
22
Gary Cahill
75.3%
20
Danny Welbeck
74.7%
24
Phil Jagielka
73.7%
14
Jack Wilshere
73.2%
9
Chris Smalling
73.2%
53
David James
72.2%
13
Alex Oxlade-Chamberlain
70.6%
4
Rickie Lambert
70.1%
31
Michael Carrick
69.6%
30
Ashley Young
69.6%
10
Kyle Walker
69.6%
9
Daniel Sturridge
69.6%
6
Ben Foster
69.6%
2
Adam Lallana
69.6%
62
Emile Heskey
69.1%
7
Jordan Henderson
69.1%
1
Raheem Sterling
66%
21
Aaron Lennon
65.5%
26
Joleon Lescott
64.4%
Caps
Answer
% Correct
38
Jamie Carragher
61.3%
34
Stewart Downing
60.8%
9
Andy Carroll
59.8%
1
Fraser Forster
59.3%
3
Kieran Gibbs
58.8%
3
Ross Barkley
58.2%
13
Darren Bent
57.2%
21
Matthew Upson
56.7%
4
Michael Dawson
55.2%
18
Scott Parker
54.6%
13
Tom Cleverley
54.1%
13
Micah Richards
53.6%
21
Ledley King
53.1%
4
Andros Townsend
52.1%
36
Shaun Wright-Phillips
51.5%
1
Jack Butland
51.5%
1
Frazier Campbell
50%
4
Scott Carson
48.5%
23
Wes Brown
46.9%
1
Kevin Davies
45.9%
2
Leon Osman
44.3%
1
Jay Rodriguez
44.3%
4
Tom Huddlestone
43.3%
2
Ryan Bertrand
42.8%
1
John Ruddy
41.8%
1
Jonjo Shelvey
36.6%
2
Wilfried Zaha
36.1%
1
Ryan Shawcross
35.1%
1
Martin Kelly
31.4%
1
Jake Livermore
31.4%
1
Carl Jenkinson
30.9%
2
Stephen Warnock
28.9%
3
Jack Rodwell
28.4%
2
Bobby Zamora
27.8%
1
Steven Caulker
26.8%
1
Jay Bothroyd
21.6%
1
Matthew Jarvis
18%
Quiz Playlist
Details
Report
Send in Message
Add To Playlist
More Info:
As of January 2014
Classic:
Type in answers that appear in a list
Last Updated: Feb 16, 2017
Quiz Scoreboard
CHALLENGE
Sign Up to Join the Scoreboard
Show All
Scores
Hide
Comments
May contain spoilers
Recently Published
1-10 Letter E Words III
by El_Dandy
Language
2m
One Thing in Common: World Cities II
by knightlancer
Geography
7m
Popular People in 1961
by mucciniale
History
6m
More to Explore
Quiz From the Vault
Featured Blog Post
Where Did the Easter Bunny Come From?
hide this ad
You Might Also Like...
Tags
Football Quiz
Soccer Quiz
England
England Football
England Players
National Team
Today's Top Quizzes in Sports
Browse Sports
hide this ad
Today's Top Quizzes in Soccer
Browse Soccer
Top Contributed Quizzes in Sports
1
Les meilleurs buteurs des matchs entre le PSG et l’OM
2
Les entraîneurs de l'OM et du PSG au 21e siècle
3
2022 World Cup Stars
4
FIFA Club World Cup Champions
5
Name the Premier League winners with different clubs
6
La finale Lions - Afrique du Sud 2021
7
Criteria MLB: Left Handed Sluggers
8
Players with Multiple 50 Home Run Seasons
9
MLB Players with Two .350 Batting Average Seasons
10
MLB Hall of Famer by Rings
Explore More
Trending Topics
Crossword
Anime
NBA
Harry Potter
Marvel
Disney
Kpop
Country
Puzzle
Soccer
Pokémon
WWE
The Office
Song
NFL
hide this ad
More By:
Burners
Quiz
Plays
Rating
Category
Featured
Created
Drake Headline Lyrics
4,081
3.63
Music
Jan 14, 2014
The Language - Drake Lyrics
802
3.50
Music
Jan 15, 2014
Capped England Players Since 2010
194
2.00
Sports
Jan 16, 2014
Go to Creator's Profile
Score Distribution
Quiz Creator Spotlight
Burners
Follow
Send a Message
Quizzes Created
-
Created Quiz Play Count
-
More By This Creator
Popular Quizzes Today
1
Find the US States - No Outlines Minefield
2
Find the Countries of Europe - No Outlines Minefield
3
The Countries of the World
4
Popular People in 1961
5
1-10 Letter E Words III
6
Find the US States
7
One Thing in Common: World Cities II
8
US States
More Sports Quizzes
Les français en seconde semaine de Roland Garros
Quiz Lab
Trending Quizzes
Risky Map Clicking: Least Populous States A-Z
1-10 Letter F Words
1-10 Letter G Words
One Thing in Common: United Kingdom
Risky Map Clicking: Biggest States A-Z
Recently Updated
Leaping Animals
pecheneg
Reality TV Shows (A-Z)
bhenderson79
Rickey Henderson's Hall of Fame Teammates
pecheneg
Champions League XIs: Arsenal
pecheneg
Quick Pick: Celebrities in WWE's Hall of Fame
aduchscher
A-Z Keypad Blitz II
pecheneg
Multiple Oscar Actors
pecheneg
Mystery Phrase Blitz: Oscar 'Best Actors'
pecheneg
F. Scott Fitzgerald Novels
LTH
Pick 3 Villains
ddd62291
Trending Topics
NBA
Marvel
Kpop
Crossword
Harry Potter
Disney
Anime
Soccer
Puzzle
Country
WWE
The Office
Pokémon
NFL
Song
Your Account Isn't Verified!
In order to create a playlist on Sporcle, you need to verify the email address you used during registration. Go to your
Sporcle Settings
to finish the process.
Report this User
Report this user for behavior that violates our
Community Guidelines
.
Details:
Send Report
Go to the Sporcle.com Mobile Site →
Comments